00217nam a2200085Ia 4500008004100000245002200041260004200063260000900105999001700114170620s9999 xx 000 0 und d 0aQuality Education bNew Delhi- Discovery Publishing House c2006 c24517d24517